He. (Record no. 14227)

MARC details
000 -LEADER
fixed length control field 01090cam a22002651 4500
001 - CONTROL NUMBER
control field ca 10001983
003 - CONTROL NUMBER IDENTIFIER
control field DLC
005 - DATE AND TIME OF LATEST TRANSACTION
control field 20260227111052.0
008 - FIXED-LENGTH DATA ELEMENTS--GENERAL INFORMATION
fixed length control field 780522s1887 nyu a 000 1 eng
010 ## - LIBRARY OF CONGRESS CONTROL NUMBER
LC control number ca 10001983
040 ## - CATALOGING SOURCE
Original cataloging agency DLC
Transcribing agency DLC
Modifying agency DLC
050 10 - LIBRARY OF CONGRESS CALL NUMBER
Classification number PZ3.L25
Item number Hd
Classification number PR4876
050 00 - LIBRARY OF CONGRESS CALL NUMBER
Classification number Microfilm 76117 PZ
100 1# - MAIN ENTRY--PERSONAL NAME
Personal name [Lang, Andrew]
Dates associated with a name 1844-1912.
245 10 - TITLE STATEMENT
Title He.
Statement of responsibility, etc. By the author of "It," "King Solomon's wives," "Bess," "Much darker days," "Mr. Morton's subtler," and other romances.
260 ## - PUBLICATION, DISTRIBUTION, ETC.
Place of publication, distribution, etc. New York,
Name of publisher, distributor, etc. G. Munro
Date of publication, distribution, etc. [1887]
300 ## - PHYSICAL DESCRIPTION
Extent 4 p.l., [11]-132 p.
Dimensions 19 cm.
490 0# - SERIES STATEMENT
Series statement Seaside library. Pocket ed.
Volume/sequential designation no. 966
500 ## - GENERAL NOTE
General note A parody of She by Sir H. R. Haggard; another parody with the same title was written by J. De Morgan.
505 0# - FORMATTED CONTENTS NOTE
Formatted contents note He.--A siege baby, and Childhood's memories. By J. S. Winter [pseud.]
533 ## - REPRODUCTION NOTE
Type of reproduction Microfilm.
Place of reproduction Washington, D.C.,
Agency responsible for reproduction Library of Congress.
700 1# - ADDED ENTRY--PERSONAL NAME
Personal name Pollack, Walter Herries,
Dates associated with a name 1850-1926,
Relator term joint author.
700 1# - ADDED ENTRY--PERSONAL NAME
Personal name Winter, John Strange,
Dates associated with a name 1856-1911.
700 1# - ADDED ENTRY--PERSONAL NAME
Personal name Haggard, H. Rider
Fuller form of name (Henry Rider),
Dates associated with a name 1856-1925.
Title of a work She.

No items available.

Powered by Koha